Motor System and Motor Diseases: from Molecules to Circuits (Record no. 18926)
[ view plain ]
| 000 -LEADER | |
|---|---|
| fixed length control field | 00598nam a2200133Ia 4500 |
| 008 - FIXED-LENGTH DATA ELEMENTS--GENERAL INFORMATION | |
| fixed length control field | 220615s9999||||xx |||||||||||||| ||und|| |
| 020 ## - INTERNATIONAL STANDARD BOOK NUMBER | |
| International Standard Book Number | 9782890000000 |
| 245 #0 - TITLE STATEMENT | |
| Title | Motor System and Motor Diseases: from Molecules to Circuits |
| 546 ## - LANGUAGE NOTE | |
| Language note | English[eng] |
| 650 ## - SUBJECT ADDED ENTRY--TOPICAL TERM | |
| Topical term or geographic name entry element | cortex||basal ganglia||cerebellum||vestibular system||spinal cord||motor control||motor learning||motor perception||motor diseases |
| 700 ## - ADDED ENTRY--PERSONAL NAME | |
| Personal name | Zhu, Jing-Ning||Shen, Ying||Mermelstein, Paul G. |
| 856 ## - ELECTRONIC LOCATION AND ACCESS | |
| Uniform Resource Identifier | <a href="https://www.frontiersin.org/research-topics/7890/motor-system-and-motor-diseases-from-molecules-to-circuits">https://www.frontiersin.org/research-topics/7890/motor-system-and-motor-diseases-from-molecules-to-circuits</a> |
| 942 ## - ADDED ENTRY ELEMENTS (KOHA) | |
| Koha item type | E-Books |
| Withdrawn status | Lost status | Damaged status | Not for loan | Home library | Current library | Date acquired | Total Checkouts | Date last seen | Price effective from | Koha item type |
|---|---|---|---|---|---|---|---|---|---|---|
| Kerala University of Digital Sciences, Innovation and Technology Knowledge Centre | Kerala University of Digital Sciences, Innovation and Technology Knowledge Centre | 15/06/2022 | 15/06/2022 | 15/06/2022 | E-Books |